Vainqueurs de la ligue des champions dans l'ordre - Statistiques

Statistiques générales
  • Ce quiz a été pris 150 fois
  • Le résultat moyen est 40 sur 70
Statistiques - réponses
Année Vainqueur % Correct
2025 Paris Saint-Germain
87%
1956 Real Madrid
86%
1957 Real Madrid
86%
1958 Real Madrid
86%
2024 Real Madrid
84%
1959 Real Madrid
83%
1960 Real Madrid
83%
2023 Manchester City
82%
2022 Real Madrid
82%
2020 Bayern Munich
81%
2021 Chelsea
81%
2014 Real Madrid
81%
2016 Real Madrid
81%
2017 Real Madrid
81%
2018 Real Madrid
81%
2013 Bayern Munich
80%
2015 FC Barcelone
80%
2019 Liverpool
80%
2012 Chelsea
76%
2009 FC Barcelone
76%
2011 FC Barcelone
73%
2008 Manchester United
72%
2010 Inter Milan
71%
2007 AC Milan
70%
2006 FC Barcelone
70%
2005 Liverpool
69%
2004 FC Porto
65%
1993 Olympique de Marseille
65%
2002 Real Madrid
61%
1961 Benfica Lisbonne
60%
1994 AC Milan
58%
1962 Benfica Lisbonne
58%
2000 Real Madrid
58%
2003 AC Milan
53%
1998 Real Madrid
53%
1999 Manchester United
52%
1997 Borussia Dortmund
51%
1973 Ajax Amsterdam
48%
2001 Bayern Munich
48%
1971 Ajax Amsterdam
47%
1972 Ajax Amsterdam
47%
1996 Juventus
47%
1991 Étoile rouge de Belgrade
46%
1995 Ajax Amsterdam
45%
1976 Bayern Munich
45%
1992 FC Barcelone
45%
1975 Bayern Munich
43%
1974 Bayern Munich
42%
1990 AC Milan
41%
1989 AC Milan
40%
1965 Inter Milan
40%
1963 AC Milan
39%
1985 Juventus
39%
1966 Real Madrid
39%
1967 Celtic Glasgow
37%
1980 Nottingham Forest
37%
1986 FC Steaua Bucarest
36%
1977 Liverpool
35%
1981 Liverpool
35%
1979 Nottingham Forest
35%
1978 Liverpool
34%
1968 Manchester United
34%
1964 AC Milan
33%
1970 Feyenoord Rotterdam
33%
1984 Liverpool
33%
1983 Hambourg
31%
1988 PSV
31%
1987 FC Porto
30%
1969 AC Milan
27%
1982 Aston Villa
27%
Aucun quiz correspondant
Distribution des résultats
% des personnes avec chaque résultat
Percentile par nombre de réponses
Votre historique - résultats
Vous n’avez pas pris ce quiz